000 00289nam a2200109Ia 4500
008 191206s9999 xx 000 0 und d
020 _a817229008x
090 _aDS483A348
245 3 _aAn Autobiography or the story of my experiments with truth
260 _aRupees twelve
260 _cc1927
999 _c15453
_d15453